| 000 | 00966cam a2200313 4500 | ||
|---|---|---|---|
| 001 | 77826 | ||
| 003 | BD-RjUL | ||
| 005 | 20211209083034.0 | ||
| 008 | 070507s1963 ir 000 0 arard | ||
| 020 | _a977300121 | ||
| 035 | _a(BD-RjUL)78052 | ||
| 035 | _a(NjP)2754016 | ||
| 040 |
_aWAU _cWAU _dPUL _dDLC-R _beng |
||
| 041 | _aara | ||
| 042 | _alccopycat | ||
| 066 | _c(3 | ||
| 082 |
_223 _a340.59 _bAZQ 2005 |
||
| 100 | 1 |
_aعزام، عبد العزيز محمد ;; Azzam, Abdul Aziz Mohammad _9245102 |
|
| 245 | 1 | 3 |
_aالقواعد الفقهية ;; al-Qawāʻid al-fiqhīyah / _cNāṣir Makārim Shīrāzī |
| 260 |
_aالقاهرة : _bدار الحديث، _c2005 1426 |
||
| 300 |
_a560 p. ; _c25 cm. |
||
| 500 | _aAt head of title: Silsilat al-qawāʻid al-fiqhīyah. | ||
| 650 | 0 |
_aIslamic law. _9247137 |
|
| 650 | 0 |
_aShiites. _9247138 |
|
| 942 |
_2ddc _cBK |
||
| 999 |
_c77826 _d77826 |
||